|
|
|
|
| LEADER |
02742nam a2200361 a 4500 |
| 001 |
GR-Antirio1124 |
| 008 |
150206s2008 gr g b 001 0 gre d |
| 020 |
|
|
|a 9789606759147
|
| 040 |
|
|
|a GrPaTEI
|b gre
|c GR-PaULI
|
| 040 |
|
|
|a GrPaTEI
|b gre
|c GR-PaULI
|
| 082 |
|
0 |
|a 658.404
|2 21
|
| 100 |
1 |
|
|a Δημητριάδης, Αντώνης
|
| 245 |
1 |
0 |
|a Διοίκηση διαχείρηση πληροφοριακών έργων /
|c Αντώνης Δημητριάδης.
|
| 260 |
|
|
|a Αθήνα :
|b Νέων Τεχνολογιών,
|c 2008
|
| 300 |
|
|
|a 458 σ. :
|b σχήμ.
|
| 500 |
|
|
|a Σύστημα "ΕΥΔΟΞΟΣ": αρ. εισ. 9592, 9601, 9602, 9603, 9679
|
| 500 |
|
|
|a Τμήμα Μηχανικών Πληροφορικής Τ.Ε. (Αντίρριο)
|
| 504 |
|
|
|a Περιλαμβάνει βιβλιογραφία, γλωσσάρι και ευρετήριο.
|
| 610 |
|
4 |
|a Σύστημα ΕΥΔΟΞΟΣ
|
| 610 |
2 |
4 |
|a Τμήμα Μηχανικών Πληροφορικής Τ.Ε. (Αντίρριο)
|
| 650 |
|
4 |
|a Διαχείριση έργου
|
| 650 |
|
4 |
|a Πληροφοριακα συστήματα διοίκησης
|
| 650 |
|
4 |
|a Πληροφοριακά συστήματα μάνατζμεντ
|
| 710 |
0 |
|
|a Νέων Τεχνολογιών
|
| 942 |
|
|
|2 ddc
|
| 952 |
|
|
|0 0
|1 0
|2 ddc
|4 0
|6 658_404000000000000_ΔΗΜ
|7 0
|9 262980
|a LISK-2
|b LISK-2
|c EUD
|d 2021-01-17
|e 24
|f 1
|g 0.00
|l 0
|o 658.404 ΔΗΜ
|p 2430000009592
|q 2018-09-29
|r 2021-01-17 00:00:00
|t 1
|w 2021-01-17
|y BK15
|x 20150206 0 ΧΑΣΑΝΗ 1
|x GrPaTEI - Antirrio
|
| 952 |
|
|
|0 0
|1 0
|2 ddc
|4 0
|6 658_404000000000000_ΔΗΜ
|7 0
|9 262981
|a LISK-2
|b LISK-2
|c EUD
|d 2021-01-17
|e 24
|f 0
|g 0.00
|l 0
|o 658.404 ΔΗΜ
|p 2430000009601
|r 2021-01-17 00:00:00
|t 1
|w 2021-01-17
|y BK15
|x 20150428 0 ΧΑΣΑΝΗ 1
|x GrPaTEI - Antirrio
|
| 952 |
|
|
|0 0
|1 0
|2 ddc
|4 0
|6 658_404000000000000_ΔΗΜ
|7 0
|9 262982
|a LISK-2
|b LISK-2
|c EUD
|d 2021-01-17
|e 24
|f 0
|g 0.00
|l 0
|o 658.404 ΔΗΜ
|p 2430000009602
|r 2021-01-17 00:00:00
|t 1
|w 2021-01-17
|y BK15
|x 20150428 0 ΧΑΣΑΝΗ 1
|x GrPaTEI - Antirrio
|
| 952 |
|
|
|0 0
|1 0
|2 ddc
|4 0
|6 658_404000000000000_ΔΗΜ
|7 0
|9 262983
|a LISK-2
|b LISK-2
|c EUD
|d 2021-01-17
|e 24
|f 0
|g 0.00
|l 0
|o 658.404 ΔΗΜ
|p 2430000009603
|r 2021-01-17 00:00:00
|t 1
|w 2021-01-17
|y BK15
|x 20150428 0 ΧΑΣΑΝΗ 1
|x GrPaTEI - Antirrio
|
| 952 |
|
|
|0 0
|1 0
|2 ddc
|4 0
|6 658_404000000000000_ΔΗΜ
|7 0
|9 262984
|a LISK-2
|b LISK-2
|c EUD
|d 2021-01-17
|e 24
|f 0
|g 0.00
|l 0
|o 658.404 ΔΗΜ
|p 2430000009679
|r 2021-01-17 00:00:00
|t 1
|w 2021-01-17
|y BK15
|x 20160401 0 ΧΑΣΑΝΗ 1
|x GrPaTEI - Antirrio
|
| 952 |
|
|
|0 0
|1 0
|2 ddc
|4 0
|6 658_404000000000000_ΔΗΜ
|7 0
|9 262985
|a LISK-2
|b LISK-2
|c EUD
|d 2021-01-17
|e 24
|f 0
|g 0.00
|l 0
|o 658.404 ΔΗΜ
|p 99243000009794
|r 2021-01-17 00:00:00
|t 1
|w 2021-01-17
|y BK15
|x GrPaTEI - Antirrio
|
| 971 |
|
|
|a .b25709239
|b 15-04-20
|c 12-09-16
|
| 999 |
|
|
|c 151450
|d 151450
|